| 000 | 00710 a2200217 4500 | ||
|---|---|---|---|
| 010 | _aENG-85388 | ||
| 020 |
_a8185002630 _c695.00 |
||
| 035 | _aEN-68921 | ||
| 037 | _bD.B.Act / Pub | ||
| 082 | 1 | 4 | _a780.954 |
| 090 |
_c2220 _d2220 |
||
| 100 | 1 | _aRanade, Ashok Da. | |
| 245 | 1 |
_aMusic contexts _ba concise dictionary of Hindustani music _cby Ashok Da. Ranade |
|
| 260 |
_aNew Delhi _bPromilla and Co. _c2006 |
||
| 270 |
_aC-127, Sarvodaya Enclave _bNew Delhi _e110 017 |
||
| 300 |
_a342 p. _c22 cm (Hb.) |
||
| 490 | _aMystic of the east series | ||
| 500 | _aIncludes index | ||
| 942 |
_adpl _cEN _k780.954 / RAN |
||
| 999 |
_c2180 _d2180 |
||